| 000 | 00444nam a22001337a 4500 | ||
|---|---|---|---|
| 082 |
_a388.11 _bNAT _cD |
||
| 110 |
_aNational research council. _937043 |
||
| 245 |
_aEconomic analysis in highway programming, location and desing _cNational research council. |
||
| 260 |
_aWashington, D.C: _c1960. _bNational research council, |
||
| 300 |
_av,184 p.: _c30 cm. |
||
| 526 |
_a0 _b0 _c0 _d388_110000000000000_NAT |
||
| 650 |
_aMCE _9379 |
||
| 942 |
_2ddc _cBK |
||
| 999 |
_c543224 _d543224 |
||